000 01800nam a2200529 i 4500
001 4181
003 KOSZ 005
005 20200515140203.0
008 200515s1990 pl a f 001 0 pol
015 _aUWD 1990/4680
020 _a8301008415
020 _a8301008423
035 _a991002089229705066
035 _a(PL-WaBN)b10581157-48omnis_nlop
035 _ab10581157
035 _a(OCoLC)834088848
035 _a(PL)b0000001058115
035 _a(EXLNZ-48OMNIS_NETWORK)9910361566105606
040 _aWA N
_cWA N
_dKOSZ 005/AR
046 _k1990
080 _a577.1
080 _a(075.8)
100 1 _aFilipowicz, Bronisław
_d(1904-1988)
_eAutor
245 1 0 _aBiochemia.
_nT. 1,
_pWprowadzające wiadomości z chemii ogólnej, składniki chemiczne ustrojów, metabolizm (enzymy) /
_cBronisław Filipowicz, Władysław Więckowski.
250 _aWydanie 7.
260 _aWarszawa ; Łódź :
_bPaństwowe Wydawnictwo Naukowe,
_c1990.
300 _a481, [2] strony :
_bilustracje ;
_c24 cm.
336 _aTekst
_btxt
_2rdacontent
337 _aBez urządzenia pośredniczącego
_bn
_2rdamedia
338 _aWolumin
_bnc
_2rdacarrier
380 _aKsiążki
380 _aPublikacje dydaktyczne
388 _a1901-2000
388 _a1989-2000
504 _aIndeks.
521 _aSkrypt dla studentów szkół wyższych.
650 7 _aBiochemia
_2DBN
650 7 _aMetabolizm
_2DBN
655 7 _aPodręczniki akademickie
_2DBN
658 _aChemia
658 _aBiologia
700 1 _aWięckowski, Władysław
_eAutor
710 _aPaństwowe Wydawnictwo Naukowe
856 _uhttp://koha.tu.koszalin.pl/cgi-bin/koha/opac-detail.pl?biblionumber=4181
_yKatalog online BPK
942 _2UKD
_cKS
999 _c4181
_d4181